कालिदास- पुननर्वा (Record no. 1678544)

MARC details
000 -LEADER
fixed length control field 00894 a2200229 4500
005 - DATE AND TIME OF LATEST TRANSACTION
control field 20260319124439.0
008 - FIXED-LENGTH DATA ELEMENTS--GENERAL INFORMATION
fixed length control field 260319b |||||||| |||| 00| 0 eng d
020 ## - INTERNATIONAL STANDARD BOOK NUMBER
International Standard Book Number 817081362X (hbk)
037 ## - SOURCE OF ACQUISITION
Terms of availability TB
040 ## - CATALOGING SOURCE
Original cataloging agency BL
Transcribing agency BL
041 ## - LANGUAGE CODE
Source of code hin
Language code of text/sound track or separate title hin
Language code of original san
084 ## - COLON CLASSIFICATION NUMBER
Classification number O15jN33 N7
Assigning agency BL
100 ## - MAIN ENTRY--PERSONAL NAME
Personal name नारंग, सत्य पाल
9 (RLIN) 1113259
245 ## - TITLE STATEMENT
Title कालिदास- पुननर्वा
260 ## - PUBLICATION, DISTRIBUTION, ETC.
Place of publication, distribution, etc. नई दिल्ली, भारत:
Name of publisher, distributor, etc. नाग पब्लिशर्स,
Date of publication, distribution, etc. 1997.
300 ## - PHYSICAL DESCRIPTION
Extent 591पृ.
365 ## - TRADE PRICE
Price amount 700.00
Currency code INR
650 ## - SUBJECT ADDED ENTRY--TOPICAL TERM
Topical term or geographic name entry element संस्कृत साहित्य
650 ## - SUBJECT ADDED ENTRY--TOPICAL TERM
Topical term or geographic name entry element कालिदास
9 (RLIN) 856475
942 ## - ADDED ENTRY ELEMENTS (KOHA)
Koha item type Textbook
Source of classification or shelving scheme Colon Classification (CC)
Classification part O15jN33 N7
Holdings
Withdrawn status Lost status Source of classification or shelving scheme Damaged status Not for loan Home library Current library Date acquired Source of acquisition Cost, normal purchase price Inventory number Total Checkouts Full call number Barcode Date last seen Cost, replacement price Price effective from Koha item type
    Colon Classification (CC)     Braille Library Braille Library 2026-02-11 25/ ईस्टर्न बुक लिंकर्स 560.00 91 & 2026-02-05   O15jN33 N7 BL0001263 2026-02-11 700.00 2026-02-11 Textbook
Copyright @ Delhi University Library System